000 00365nam a2200145Ia 4500
008 241014s9999||||xx |||||||||||||| ||und||
020 _a978-8184732719
060 _aQS 4 M 2010
100 _aMoore, Keith L.
245 0 _aClinically Oriented Anatomy.
250 _a6th
260 _bLippincott Williams and Wilkins
_c2010
650 _aAnatomy
942 _bDIMC
_cBK
999 _c8977
_d8977